000 00818nam a22002177a 4500
999 _c11485
_d11485
003 AR-CdUCM
008 190404b ||||| |||| 00| 0 spa d
040 _aMUNICIPALIDAD PROVINCIAL DEL CUSCO
_cBIBLIOTECA MUNICIPAL DEL CUSCO
082 _a869.56 /
_bT25 / 1948
100 _aTauro, Alberto
_911692
245 _aEsquividad y gloria de la Academia Antártica /
260 _aLima :
_bHuscaran,
_c1948.
300 _a295 páginas ;
_c22 cm.
505 _aContenido: Ubicación de la academia Antartica -- Una señora principal de este reino -- Discurso en loor de la poesía -- Cervantes y el loor de la poesía -- Cristobal de Arriaga...
650 _aLiteratura.
_983
650 _aPoesía.
_9139
650 _aTeoría literaria.
_928872
650 _aAntártica.
_928873
942 _2ddc
_cLIBROS
945 _awfj